[Event "VI Obert Internacional Ciutat de Sabadel"]
[Site "Sabadell"]
[Date "2013.09.02"]
[Round "1"]
[White "Moreno Ruiz, Javier"]
[Black "Valencia Jimenez, Jose"]
[Result "1-0"]
[WhiteElo "2469"]
[BlackElo "2126"]
[PlyCount "97"]
[EventDate "2013.09.02"]
[EventRounds "9"]
[EventCountry "ESP"]

1. d4 c5 2. d5 e5 3. e4 d6 4. Bd3 Be7 5. Ne2 Bg5 6. Nd2 Ne7 7. O-O Ng6 8. a4
O-O 9. Nc4 Bxc1 10. Qxc1 Qe7 11. Qe3 Nd7 12. a5 Nf6 13. c3 Bd7 14. b4 Rfc8 15.
Rfb1 Rab8 16. Rb2 b5 17. axb6 axb6 18. Ra7 b5 19. Na5 Qd8 20. Ra6 Rb6 21. Rxb6
Qxb6 22. f3 Qc7 23. Ra2 c4 24. Bb1 Ra8 25. Ra3 Rb8 26. g3 h6 27. Bc2 Ne7 28.
Kg2 Bc8 29. Ra1 Qb6 30. Qxb6 Rxb6 31. Rf1 Ne8 32. f4 f6 33. f5 Nc7 34. Kf2 Kf7
35. Ke3 Bd7 36. Kd2 Bc8 37. Ng1 Bb7 38. Bd1 Ke8 39. Bh5+ Kf8 40. Ra1 Ba8 41.
Nh3 g6 42. fxg6 Kg7 43. Nf2 Nxg6 44. Ng4 Nf8 45. Ne3 Ng6 46. Nf5+ Kh7 47. Nc6
Bxc6 48. dxc6 Na6 49. c7 1-0

[Event "VI Obert Internacional Ciutat de Sabadel"]
[Site "Sabadell"]
[Date "2013.09.02"]
[Round "1"]
[White "Munoz Pantoja, Miguel"]
[Black "Uran Bermudez, Oliver Kevin"]
[Result "1-0"]
[WhiteElo "2457"]
[BlackElo "2092"]
[PlyCount "65"]
[EventDate "2013.09.02"]
[EventRounds "9"]
[EventCountry "ESP"]

1. e4 c6 2. Nc3 e5 3. Nf3 d6 4. d4 Nd7 5. Bc4 Be7 6. dxe5 dxe5 7. Ng5 Bxg5 8.
Qh5 g6 9. Qxg5 Qxg5 10. Bxg5 h6 11. Be3 Ngf6 12. f3 Nf8 13. O-O Be6 14. Bb3 g5
15. Rfd1 N6d7 16. Rd6 Rg8 17. Rad1 Bxb3 18. cxb3 Rg6 19. R6d2 Re6 20. Ne2 Kd8
21. Ng3 Kc7 22. Nf5 b6 23. h4 Rg6 24. Kf2 Re8 25. b4 Nb8 26. h5 Rf6 27. a3 Ne6
28. Kg3 Rd8 29. Kg4 Rxd2 30. Bxd2 Nf4 31. Bxf4 exf4 32. Ng7 Kc8 33. e5 1-0

[Event "VI Obert Internacional Ciutat de Sabadel"]
[Site "Sabadell"]
[Date "2013.09.02"]
[Round "1"]
[White "Prats Rodriguez, Juan Bosco"]
[Black "Pulvett, Daniel"]
[Result "0-1"]
[WhiteElo "2074"]
[BlackElo "2441"]
[PlyCount "66"]
[EventDate "2013.09.02"]
[EventRounds "9"]
[EventCountry "ESP"]

1. e4 c5 2. Nc3 Nc6 3. g3 g6 4. Bg2 Bg7 5. d3 d6 6. Be3 e5 7. Qd2 Nge7 8. f4
exf4 9. Bxf4 O-O 10. Nf3 d5 11. O-O dxe4 12. Nxe4 Bxb2 13. c3 Bxa1 14. Nf6+ Kg7
15. Bh6+ Kh8 16. Rxa1 Ng8 17. Bxf8 Qxf8 18. Ne4 Bf5 19. Qf4 Rd8 20. Ne5 Nxe5
21. Qxe5+ f6 22. Qxc5 Qxc5+ 23. Nxc5 b6 24. Nb3 Rxd3 25. c4 Nh6 26. Re1 Ng4 27.
c5 bxc5 28. Nxc5 Rd2 29. h3 Ne5 30. g4 Rc2 31. Nb7 Bd7 32. Bd5 Rd2 33. Bb3 Nf3+
0-1

[Event "VI Obert Internacional Ciutat de Sabadel"]
[Site "Sabadell"]
[Date "2013.09.02"]
[Round "1"]
[White "Saez Coma, Alejandro"]
[Black "Lorenzo De La Riva, Lazaro"]
[Result "0-1"]
[WhiteElo "2017"]
[BlackElo "2427"]
[PlyCount "82"]
[EventDate "2013.09.02"]
[EventRounds "9"]
[EventCountry "ESP"]

1. d4 g6 2. c4 Bg7 3. Nc3 d6 4. e4 e5 5. d5 Nf6 6. Nge2 O-O 7. Ng3 a5 8. Be2
Na6 9. h4 c6 10. h5 cxd5 11. hxg6 fxg6 12. cxd5 Bd7 13. Be3 Rc8 14. Qd2 Nc5 15.
f3 Qe8 16. Nd1 b6 17. Rc1 Ra8 18. Nf2 Rf7 19. Nd3 Bb5 20. b3 Bf8 21. Qc2 Rb7
22. Rb1 Rc8 23. Nxc5 bxc5 24. Bd2 a4 25. Bc4 axb3 26. axb3 Bxc4 27. bxc4 Rxb1+
28. Qxb1 Rb8 29. Qc2 Ra8 30. Kf2 Qa4 31. Rc1 Nd7 32. Qxa4 Rxa4 33. Ke2 Ra2 34.
Nf1 h5 35. Kd3 Kf7 36. Rb1 Ra3+ 37. Ke2 Ra7 38. Kd3 Be7 39. Ng3 Ra3+ 40. Ke2
Ke8 41. Rd1 Ra4 0-1

[Event "VI Obert Internacional Ciutat de Sabadel"]
[Site "Sabadell"]
[Date "2013.09.02"]
[Round "1"]
[White "Valdes Romero, Leonardo"]
[Black "Ridameya Tatche, Jose Miguel"]
[Result "1-0"]
[WhiteElo "2427"]
[BlackElo "2007"]
[PlyCount "91"]
[EventDate "2013.09.02"]
[EventRounds "9"]
[EventCountry "ESP"]

1. Nf3 Nf6 2. g3 g6 3. Bg2 Bg7 4. c4 d6 5. Nc3 e5 6. O-O O-O 7. d3 c6 8. Rb1 a5
9. a3 c5 10. b4 axb4 11. axb4 cxb4 12. Rxb4 Nc6 13. Rb1 h6 14. Ne1 Nd7 15. Nc2
Nc5 16. Ba3 Ra6 17. Nb5 Na7 18. Qd2 Qe7 19. Nc3 Nc6 20. Nd5 Qd8 21. e3 Re8 22.
Nc3 Qc7 23. Rfe1 Qd8 24. Nb5 Bf5 25. Red1 Bf8 26. Nc3 Qc8 27. Nd5 Kg7 28. Qc3
Na4 29. Qb3 Ra7 30. Ra1 Nc5 31. Bxc5 Rxa1 32. Rxa1 dxc5 33. Rb1 Nd8 34. Na3 f6
35. Nb5 Be7 36. Nb6 Qb8 37. Ra1 Nc6 38. Ra8 Qxa8 39. Nxa8 Rxa8 40. Na3 Nb4 41.
Be4 Bxe4 42. dxe4 Rd8 43. Nb5 Rd3 44. Qa4 Kf7 45. Nc7 Bd8 46. Qe8+ 1-0

[Event "VI Obert Internacional Ciutat de Sabadel"]
[Site "Sabadell"]
[Date "2013.09.02"]
[Round "1"]
[White "Grau Pacheco, Marc"]
[Black "Rojas Keim, Luis"]
[Result "0-1"]
[WhiteElo "2006"]
[BlackElo "2408"]
[PlyCount "52"]
[EventDate "2013.09.02"]
[EventRounds "9"]
[EventCountry "ESP"]

1. e4 g6 2. d4 Bg7 3. Nf3 d6 4. Bc4 Nf6 5. Nc3 O-O 6. O-O c6 7. a4 d5 8. exd5
cxd5 9. Bd3 Nc6 10. h3 Nb4 11. Bf4 Nxd3 12. Qxd3 Bf5 13. Qb5 b6 14. Qb3 Rc8 15.
g4 Bd7 16. Bg3 h5 17. g5 Ne4 18. h4 Nxg3 19. fxg3 Be6 20. Ne2 Bf5 21. Rac1 Qd7
22. Nf4 Be4 23. Ne5 Qd6 24. Rfe1 Bxe5 25. Rxe4 dxe4 26. dxe5 Qc5+ 0-1

[Event "VI Obert Internacional Ciutat de Sabadel"]
[Site "Sabadell"]
[Date "2013.09.02"]
[Round "1"]
[White "Jerez Perez, Alfonso"]
[Black "Flores De Paco, David"]
[Result "1-0"]
[WhiteElo "2376"]
[BlackElo "1998"]
[PlyCount "45"]
[EventDate "2013.09.02"]
[EventRounds "9"]
[EventCountry "ESP"]

1. e4 d5 2. exd5 Nf6 3. d4 Nxd5 4. Nf3 Bg4 5. Be2 Nc6 6. O-O g6 7. h3 Bxf3 8.
Bxf3 Bg7 9. c3 O-O 10. Nd2 a5 11. a4 e5 12. Qb3 Nb6 13. dxe5 Nxe5 14. Bxb7 Rb8
15. Ba6 Nbc4 16. Qc2 Nxd2 17. Bxd2 c5 18. Bb5 c4 19. Be3 Rc8 20. Rad1 Qh4 21.
Qe2 f5 22. Bd4 Nf7 23. Bxc4 1-0

[Event "VI Obert Internacional Ciutat de Sabadel"]
[Site "Sabadell"]
[Date "2013.09.02"]
[Round "1"]
[White "Salagran Ferragut, Guillem"]
[Black "Espinoza Palomino, Willyam"]
[Result "1-0"]
[WhiteElo "1995"]
[BlackElo "2355"]
[PlyCount "107"]
[EventDate "2013.09.02"]
[EventRounds "9"]
[EventCountry "ESP"]

1. e4 e5 2. Nf3 Nc6 3. Bb5 Nge7 4. O-O a6 5. Ba4 g6 6. c3 Bg7 7. d4 exd4 8.
Nxd4 O-O 9. Be3 Ne5 10. Qe2 d6 11. h3 b5 12. Bb3 c5 13. Nf3 Nxf3+ 14. Qxf3 Bb7
15. Rd1 Qc7 16. Bf4 Rad8 17. Nd2 c4 18. Bc2 Qc6 19. a4 d5 20. Bg5 f6 21. Bh4 d4
22. cxd4 Rxd4 23. Qe2 Nf5 24. Nf3 Rxd1+ 25. Rxd1 Nxh4 26. Nxh4 b4 27. Rd4 Rc8
28. b3 c3 29. Rxb4 Qd7 30. Rc4 Re8 31. Qd3 Qe7 32. Nf3 f5 33. exf5 Bxf3 34.
Qxf3 Qe1+ 35. Kh2 Qe5+ 36. Qg3 gxf5 37. Qxe5 Bxe5+ 38. f4 Bd6 39. Bxf5 Re3 40.
Kg1 Re1+ 41. Kf2 Rc1 42. Ke2 a5 43. Kf3 h5 44. Kg3 Kg7 45. Kh4 Kf6 46. Bd3 Bb4
47. Kxh5 Rd1 48. Be4 Rd2 49. g4 Rb2 50. g5+ Ke7 51. g6 Bd6 52. g7 Kf7 53. Kh6
Bxf4+ 54. Kh7 1-0

[Event "VI Obert Internacional Ciutat de Sabadel"]
[Site "Sabadell"]
[Date "2013.09.02"]
[Round "1"]
[White "Vidarte Morales, Arturo"]
[Black "Castells Briones, Miquel"]
[Result "1-0"]
[WhiteElo "2337"]
[BlackElo "1988"]
[PlyCount "77"]
[EventDate "2013.09.02"]
[EventRounds "9"]
[EventCountry "ESP"]

1. c4 e5 2. g3 Nf6 3. Nc3 Bb4 4. Bg2 Nc6 5. Nf3 O-O 6. O-O d6 7. d3 h6 8. Bd2
a6 9. a3 Bc5 10. e3 Bg4 11. h3 Bh5 12. Qc2 Bg6 13. b4 Ba7 14. Nh4 Bh7 15. b5
Na5 16. Nd5 c6 17. Nxf6+ gxf6 18. Bxa5 Qxa5 19. bxc6 bxc6 20. Bxc6 f5 21. Qe2
f4 22. Kh1 Qd8 23. Bxa8 Qxa8+ 24. Kh2 Qd8 25. Rab1 Qf6 26. e4 Bc5 27. Nf3 Kh8
28. g4 Qe7 29. Qb2 Qd7 30. Nxe5 dxe5 31. Qxe5+ Kg8 32. Qxc5 Qxd3 33. f3 Bxe4
34. Rbd1 Qe2+ 35. Qf2 Bxf3 36. Rde1 Re8 37. Rxe2 Rxe2 38. Qxe2 Bxe2 39. Rxf4
1-0

[Event "VI Obert Internacional Ciutat de Sabadel"]
[Site "Sabadell"]
[Date "2013.09.02"]
[Round "1"]
[White "Cardenas, Fernando Adrian"]
[Black "Diaz Velandia, Jose Manuel"]
[Result "0-1"]
[WhiteElo "1963"]
[BlackElo "2317"]
[PlyCount "71"]
[EventDate "2013.09.02"]
[EventRounds "9"]
[EventCountry "ESP"]

1. Nf3 d5 2. d4 Nf6 3. c4 e6 4. g3 c6 5. Bg2 Nbd7 6. O-O Ne4 7. Qc2 Be7 8. Nc3
f5 9. b3 O-O 10. Bb2 Qe8 11. Ne5 Nxe5 12. dxe5 Bd7 13. e3 h5 14. f3 Nxc3 15.
Bxc3 h4 16. f4 g5 17. gxh4 g4 18. Rad1 Bxh4 19. Qd2 Rf7 20. Qe2 Rh7 21. h3 gxh3
22. Bf3 h2+ 23. Kh1 Qe7 24. Rd2 Kf7 25. Bh5+ Kf8 26. Rfd1 Rh6 27. cxd5 cxd5 28.
Rd4 Qh7 29. Bb4+ Kg8 30. Bf3 Bc6 31. R4d2 Kh8 32. Qf1 Rg8 33. Rg2 Rxg2 34. Bxg2
Rg6 35. Bc5 Rxg2 36. Kxg2 0-1

[Event "VI Obert Internacional Ciutat de Sabadel"]
[Site "Sabadell"]
[Date "2013.09.02"]
[Round "1"]
[White "Gomez Jurado, Luis Alberto"]
[Black "Nadal Fajardo, Ricard"]
[Result "1/2-1/2"]
[WhiteElo "2316"]
[BlackElo "1962"]
[PlyCount "51"]
[EventDate "2013.09.02"]
[EventRounds "9"]
[EventCountry "ESP"]

1. c4 Nf6 2. g3 g6 3. Bg2 Bg7 4. Nc3 c6 5. e4 d6 6. Nge2 O-O 7. O-O e5 8. d3
Na6 9. h3 Ne8 10. Be3 Nec7 11. Qd2 Ne6 12. f4 Nd4 13. Kh2 f5 14. Rf2 Be6 15.
Raf1 Qe7 16. b3 Nc7 17. fxe5 dxe5 18. exf5 gxf5 19. Bh6 Nxe2 20. Bxg7 Qxg7 21.
Rxe2 Rae8 22. Nd1 Kh8 23. Qe3 Bc8 24. Qxa7 Ne6 25. Qe3 Nd4 26. Ref2 1/2-1/2

[Event "VI Obert Internacional Ciutat de Sabadel"]
[Site "Sabadell"]
[Date "2013.09.02"]
[Round "1"]
[White "Ortin Caballe, Juan Jose"]
[Black "Gascon, Jose Rafael"]
[Result "0-1"]
[WhiteElo "1955"]
[BlackElo "2268"]
[PlyCount "74"]
[EventDate "2013.09.02"]
[EventRounds "9"]
[EventCountry "ESP"]

1. e4 c5 2. Nf3 d6 3. d4 cxd4 4. Qxd4 a6 5. Bg5 Nc6 6. Qd2 Nf6 7. Nc3 e6 8. Be2
Be7 9. O-O b5 10. Rad1 b4 11. Bxf6 Bxf6 12. Na4 Be7 13. c4 Qa5 14. b3 O-O 15.
Nd4 Nxd4 16. Qxd4 Rb8 17. Rd3 Bb7 18. Rg3 Qe5 19. Qa7 Bf6 20. Bd3 Qd4 21. c5
dxc5 22. Qxc5 Rbc8 23. Qh5 g6 24. Qe2 a5 25. Re3 Rfd8 26. f4 e5 27. Kh1 exf4
28. Ref3 Be5 29. Qe1 Qxd3 30. Rxd3 Rxd3 31. Qh4 Bxe4 32. Qe7 f3 33. gxf3 Rxf3
34. Rxf3 Bxf3+ 35. Kg1 Bd4+ 36. Kf1 Rc1+ 37. Qe1 Rxe1+ 0-1

[Event "VI Obert Internacional Ciutat de Sabadel"]
[Site "Sabadell"]
[Date "2013.09.03"]
[Round "2"]
[White "Movsziszian, Karen"]
[Black "Valdes Romero, Leonardo"]
[Result "1-0"]
[WhiteElo "2503"]
[BlackElo "2427"]
[PlyCount "101"]
[EventDate "2013.09.02"]
[EventRounds "9"]
[EventCountry "ESP"]

1. e4 e5 2. Nf3 Nc6 3. Bc4 Be7 4. Nc3 h6 5. d3 d6 6. h3 Nf6 7. Be3 b6 8. Nd5
Be6 9. Nxf6+ Bxf6 10. Bb3 O-O 11. O-O d5 12. exd5 Bxd5 13. Bxd5 Qxd5 14. Nd2
Rfd8 15. Qf3 Qxf3 16. Nxf3 Nd4 17. Bxd4 exd4 18. Rfe1 Re8 19. Kf1 Kf8 20. Rxe8+
Rxe8 21. Re1 Rxe1+ 22. Nxe1 c5 23. Ke2 Ke7 24. Kf3 g5 25. g4 Ke6 26. Ke4 Be5
27. Ng2 f6 28. f4 Bd6 29. f5+ Kd7 30. Kd5 Kc7 31. Ke6 Kc6 32. Kxf6 Bc7 33. Kg6
Kd7 34. Kxh6 Bd8 35. Kg6 Ke8 36. f6 Kf8 37. Kxg5 Kf7 38. Kf5 Bxf6 39. h4 Kg7
40. g5 Be7 41. h5 Kh7 42. Nf4 Kg7 43. Ne6+ Kh7 44. g6+ Kg8 45. h6 Bf8 46. h7+
Kh8 47. Nxf8 Kg7 48. Ne6+ Kh8 49. Kf6 a5 50. Nf8 b5 51. g7# 1-0

[Event "VI Obert Internacional Ciutat de Sabadel"]
[Site "Sabadell"]
[Date "2013.09.03"]
[Round "2"]
[White "Rojas Keim, Luis"]
[Black "Moreno Ruiz, Javier"]
[Result "1-0"]
[WhiteElo "2408"]
[BlackElo "2469"]
[PlyCount "95"]
[EventDate "2013.09.02"]
[EventRounds "9"]
[EventCountry "ESP"]

1. d4 e6 2. e4 d5 3. exd5 exd5 4. Nf3 Nc6 5. c4 Bb4+ 6. Nc3 Nge7 7. a3 Bxc3+ 8.
bxc3 O-O 9. c5 b6 10. Be2 Bf5 11. O-O Ng6 12. Bg5 f6 13. Be3 Na5 14. Nd2 Qd7
15. c4 bxc5 16. cxd5 cxd4 17. Bxd4 Nf4 18. Bf3 Nxd5 19. Rc1 Rad8 20. Rc5 Ne7
21. Be3 Nac6 22. Qc1 Ne5 23. Rxc7 Qd6 24. Rxa7 Rc8 25. Qb2 Rb8 26. Qa2+ Be6 27.
Bc5 Qxc5 28. Qxe6+ Rf7 29. Ra6 Rd8 30. Bd1 N7c6 31. Nf3 Nxf3+ 32. Bxf3 Nd4 33.
Qe4 Re7 34. Ra8 Nxf3+ 35. Qxf3 Rxa8 36. Qxa8+ Kf7 37. Qa4 Re2 38. Qb3+ Kf8 39.
Qd3 Ra2 40. Qxh7 Rxa3 41. Re1 Qe5 42. Qb1 Rb3 43. Qc1 Qc3 44. Qd1 Qd3 45. Qh5
Qe4 46. Qa5 Rb1 47. Qa3+ Ke8 48. Qa4+ 1-0

[Event "VI Obert Internacional Ciutat de Sabadel"]
[Site "Sabadell"]
[Date "2013.09.03"]
[Round "2"]
[White "Gonzalez Perez, Arian"]
[Black "Jerez Perez, Alfonso"]
[Result "1-0"]
[WhiteElo "2466"]
[BlackElo "2376"]
[PlyCount "73"]
[EventDate "2013.09.02"]
[EventRounds "9"]
[EventCountry "ESP"]

1. e4 e6 2. d3 d5 3. Qe2 Nf6 4. Nf3 b6 5. Nbd2 dxe4 6. dxe4 Ba6 7. Nc4 Be7 8.
c3 O-O 9. e5 Nd5 10. Qc2 b5 11. Ncd2 Nd7 12. Ne4 Nc5 13. Nxc5 Bxc5 14. Bd3 h6
15. O-O Qc8 16. Qe2 Rb8 17. a4 Bb7 18. axb5 Rd8 19. Ra4 Ne7 20. Bb1 c6 21. Rg4
Nf5 22. Bxf5 exf5 23. Rg3 Qe6 24. Be3 f4 25. Bxf4 cxb5 26. b4 Bb6 27. h3 a6 28.
Nh2 Rd5 29. Qh5 Kf8 30. Ng4 Rbd8 31. Kh2 Rd3 32. Be3 Bxe3 33. fxe3 R8d7 34. Nf6
Rd8 35. Nh7+ Ke7 36. Rxg7 Bd5 37. Rf6 1-0

[Event "VI Obert Internacional Ciutat de Sabadel"]
[Site "Sabadell"]
[Date "2013.09.03"]
[Round "2"]
[White "Diaz Velandia, Jose Manuel"]
[Black "Munoz Pantoja, Miguel"]
[Result "0-1"]
[WhiteElo "2317"]
[BlackElo "2457"]
[PlyCount "101"]
[EventDate "2013.09.02"]
[EventRounds "9"]
[EventCountry "ESP"]

1. d4 Nf6 2. Nf3 c5 3. e3 g6 4. c3 cxd4 5. exd4 Bg7 6. Bd3 O-O 7. O-O d6 8. Re1
Nc6 9. Bg5 h6 10. Bh4 g5 11. Bg3 Nh5 12. d5 Nb8 13. Nd4 Nxg3 14. hxg3 Bxd4 15.
cxd4 Nd7 16. f4 Kg7 17. fxg5 hxg5 18. Qh5 Rh8 19. Qxg5+ Kf8 20. Nc3 Nf6 21. Be2
Qb6 22. Qe3 Bf5 23. g4 Bg6 24. g5 Nh7 25. Bb5 Kg7 26. a4 a6 27. a5 Qa7 28. Bd3
Nf8 29. Na4 b5 30. axb6 Qd7 31. Be2 Rb8 32. Rec1 Qf5 33. Qxe7 Nh7 34. Qxd6 Rbe8
35. Rf1 Qxg5 36. Rf2 Qh4 37. g3 Qh6 38. Bh5 Qxh5 39. Rh2 Qf3 40. Qf4 Qxd5 41.
Nc3 Qc6 42. Qc7 Qf3 43. Qf4 Ng5 44. Rf1 Nh3+ 45. Rxh3 Qxf4 46. gxf4 Rxh3 47. f5
Bh5 48. Ra1 Rg3+ 49. Kh2 Rg5 50. Rxa6 Bf3 51. d5 0-1

[Event "VI Obert Internacional Ciutat de Sabadel"]
[Site "Sabadell"]
[Date "2013.09.03"]
[Round "2"]
[White "Pulvett, Daniel"]
[Black "Vidarte Morales, Arturo"]
[Result "1/2-1/2"]
[WhiteElo "2441"]
[BlackElo "2337"]
[PlyCount "110"]
[EventDate "2013.09.02"]
[EventRounds "9"]
[EventCountry "ESP"]

1. d4 f5 2. c4 Nf6 3. g3 d6 4. Nf3 g6 5. b4 Bg7 6. Bb2 O-O 7. Bg2 c6 8. Nbd2
Kh8 9. O-O Be6 10. Qc2 Bg8 11. a4 Nbd7 12. Rae1 Rc8 13. Nh4 e5 14. e4 f4 15. c5
dxc5 16. bxc5 Qe7 17. Nhf3 Nh5 18. g4 Nhf6 19. h3 Ne8 20. Nxe5 Nxe5 21. dxe5
Bxe5 22. Nf3 Bxb2 23. Qxb2+ Ng7 24. Rd1 Rcd8 25. Rd6 Rxd6 26. cxd6 Qxd6 27.
Qxb7 Rf7 28. Qb2 c5 29. Rc1 Re7 30. e5 Qb6 31. Qb5 c4 32. Qxb6 axb6 33. Bf1 Bd5
34. Nd2 Rxe5 35. Nxc4 Bxc4 36. Rxc4 Ne6 37. Kg2 g5 38. Rb4 Nc5 39. Rxb6 Nxa4
40. Rb8+ Kg7 41. Rb7+ Kf6 42. Rxh7 Nc5 43. Rh6+ Kg7 44. Rb6 Kf7 45. Bc4+ Kg7
46. Rb5 Kf6 47. Kf3 Ne4 48. Rb6+ Ke7 49. Bd3 Nd2+ 50. Kg2 Re1 51. h4 f3+ 52.
Kh2 gxh4 53. Rh6 Re2 54. Kg1 Re1+ 55. Kh2 Re2 1/2-1/2

[Event "VI Obert Internacional Ciutat de Sabadel"]
[Site "Sabadell"]
[Date "2013.09.03"]
[Round "2"]
[White "Gascon, Jose Rafael"]
[Black "Kjartansson, Gudmundur"]
[Result "1-0"]
[WhiteElo "2268"]
[BlackElo "2434"]
[PlyCount "77"]
[EventDate "2013.09.02"]
[EventRounds "9"]
[EventCountry "ESP"]

1. e4 d6 2. d4 Nf6 3. Nc3 g6 4. Nf3 Bg7 5. Be2 O-O 6. O-O c6 7. a4 Nbd7 8. a5
Qc7 9. Be3 Re8 10. h3 e5 11. dxe5 dxe5 12. Bc4 Nf8 13. Ng5 Be6 14. Nxe6 Nxe6
15. Bxe6 Rxe6 16. Qe2 Bf8 17. Qc4 Ne8 18. Rfd1 Nd6 19. Qb3 Ree8 20. Rd3 Red8
21. Rad1 Be7 22. Bc5 Ne8 23. Rxd8 Bxd8 24. Na4 Be7 25. Qb4 Bxc5 26. Nxc5 b6 27.
axb6 Qxb6 28. Qc3 Rd8 29. Rxd8 Qxd8 30. Qxe5 Nd6 31. Qd4 Qe7 32. b4 h5 33. e5
Nf5 34. Qe4 a5 35. c3 Qa7 36. e6 a4 37. Qxc6 a3 38. Qe8+ Kg7 39. Nd7 1-0

[Event "VI Obert Internacional Ciutat de Sabadel"]
[Site "Sabadell"]
[Date "2013.09.03"]
[Round "2"]
[White "Nadal Fajardo, Ricard"]
[Black "Salagran Ferragut, Guillem"]
[Result "1/2-1/2"]
[WhiteElo "1962"]
[BlackElo "1995"]
[PlyCount "70"]
[EventDate "2013.09.02"]
[EventRounds "9"]
[EventCountry "ESP"]

1. e4 c5 2. Nf3 e6 3. d4 cxd4 4. Nxd4 Nf6 5. Bd3 d6 6. O-O Be7 7. Nc3 O-O 8.
Bg5 Nc6 9. Nxc6 bxc6 10. Kh1 h6 11. Bh4 e5 12. Bc4 Bb7 13. Bxf6 Bxf6 14. Qd3
Qc7 15. Rad1 Rad8 16. Ba6 Rd7 17. Qc4 Rfd8 18. Bxb7 Qxb7 19. Qb3 Qa6 20. Qa4
Qxa4 21. Nxa4 Rb7 22. c4 d5 23. exd5 cxd5 24. cxd5 Rb5 25. d6 Rb4 26. b3 Rd4
27. Rxd4 exd4 28. Nc5 Rxd6 29. Ne4 Re6 30. Nxf6+ Rxf6 31. g3 Rf3 32. Kg2 Rd3
33. Rc1 Rd2 34. Rc8+ Kh7 35. Rd8 Rxa2 1/2-1/2

[Event "VI Obert Internacional Ciutat de Sabadel"]
[Site "Sabadell"]
[Date "2013.09.03"]
[Round "2"]
[White "Flores De Paco, David"]
[Black "Aryan, Chopra"]
[Result "0-1"]
[WhiteElo "1998"]
[BlackElo "2189"]
[PlyCount "84"]
[EventDate "2013.09.02"]
[EventRounds "9"]
[EventCountry "ESP"]

1. e4 c5 2. d4 cxd4 3. c3 dxc3 4. Nxc3 Nc6 5. Nf3 d6 6. Bc4 e6 7. O-O Nf6 8.
Qe2 Be7 9. Rd1 e5 10. Be3 O-O 11. Rac1 Bg4 12. h3 Bh5 13. g4 Bg6 14. Nh4 Ne8
15. Nf5 Bxf5 16. exf5 Bg5 17. Ne4 Bxe3 18. fxe3 Qb6 19. Rd5 Rc8 20. Rc3 Ne7 21.
Rb5 Qd8 22. Rxb7 d5 23. Bb5 dxe4 24. Rd7 Qa5 25. Rxe7 Nd6 26. a4 Rxc3 27. bxc3
Qxc3 28. Rd7 Nxb5 29. axb5 h6 30. Qd2 Qb3 31. Rxa7 Rc8 32. Rc7 Rxc7 33. Qd8+
Kh7 34. Qxc7 Qxe3+ 35. Kh2 Qf2+ 36. Kh1 f6 37. Qd7 Qg3 38. b6 e3 39. g5 Qxh3+
40. Kg1 Qg3+ 41. Kh1 Qh4+ 42. Kg1 Qxg5+ 0-1

[Event "VI Obert Internacional Ciutat de Sabadel"]
[Site "Sabadell"]
[Date "2013.09.03"]
[Round "2"]
[White "Valencia Jimenez, Jose"]
[Black "Saez Coma, Alejandro"]
[Result "1/2-1/2"]
[WhiteElo "2126"]
[BlackElo "2017"]
[PlyCount "74"]
[EventDate "2013.09.02"]
[EventRounds "9"]
[EventCountry "ESP"]

1. Nf3 Nf6 2. g3 d5 3. Bg2 Bf5 4. O-O e6 5. d3 Be7 6. c3 c5 7. Nbd2 O-O 8. Nh4
Bg4 9. f4 Nfd7 10. Nhf3 Nc6 11. h3 Bxf3 12. Nxf3 f6 13. d4 cxd4 14. Nxd4 Nxd4
15. cxd4 f5 16. g4 Nf6 17. g5 Ne4 18. Bxe4 dxe4 19. e3 g6 20. Qb3 Qd5 21. Qxd5
exd5 22. Bd2 Kf7 23. Rac1 Rac8 24. Rxc8 Rxc8 25. Rc1 Rxc1+ 26. Bxc1 Ke6 27. Kf1
Kd7 28. Ke2 Kc6 29. Bd2 Kb5 30. Kd1 a5 31. Kc2 a4 32. Be1 Bb4 33. Bf2 Ba5 34.
Bg3 Kc4 35. Bf2 Kb5 36. Bg3 Kc6 37. Bf2 Kb5 1/2-1/2

[Event "VI Obert Internacional Ciutat de Sabadel"]
[Site "Sabadell"]
[Date "2013.09.03"]
[Round "2"]
[White "Uran Bermudez, Oliver Kevin"]
[Black "Grau Pacheco, Marc"]
[Result "1-0"]
[WhiteElo "2092"]
[BlackElo "2006"]
[PlyCount "84"]
[EventDate "2013.09.02"]
[EventRounds "9"]
[EventCountry "ESP"]

1. e4 c6 2. d4 d5 3. Nd2 dxe4 4. Nxe4 Nf6 5. Nxf6+ exf6 6. Bf4 Bd6 7. Qd2 Bf5
8. Qe3+ Be7 9. Bd3 Bxd3 10. Qxd3 O-O 11. Nf3 Bb4+ 12. c3 Re8+ 13. Kd2 Bd6 14.
Bg3 Na6 15. Rhe1 Qd7 16. Rxe8+ Rxe8 17. Re1 Rd8 18. Kc2 Bxg3 19. hxg3 Nc5 20.
Qe3 Qf5+ 21. Kd2 h6 22. Nh4 Qd5 23. Kc1 Ne6 24. Kb1 b5 25. Qf3 Qd7 26. Nf5 b4
27. Qxc6 bxc3 28. bxc3 Rb8+ 29. Kc2 Qd8 30. d5 Qa5 31. Ne7+ Kf8 32. Qc4 Kxe7
33. g4 Qb6 34. dxe6 fxe6 35. Rxe6+ Qxe6 36. Qc7+ Qd7 37. Qxb8 Qa4+ 38. Kb2 Qd7
39. Qb4+ Kf7 40. Qd4 Qb5+ 41. Kc2 Qe2+ 42. Kb3 a6 1-0

[Event "VI Obert Internacional Ciutat de Sabadel"]
[Site "Sabadell"]
[Date "2013.09.03"]
[Round "2"]
[White "Castells Briones, Miquel"]
[Black "Prats Rodriguez, Juan Bosco"]
[Result "0-1"]
[WhiteElo "1988"]
[BlackElo "2074"]
[PlyCount "80"]
[EventDate "2013.09.02"]
[EventRounds "9"]
[EventCountry "ESP"]

1. d4 d5 2. Nf3 Nf6 3. c4 dxc4 4. e3 e6 5. Bxc4 c5 6. O-O a6 7. Bb3 b5 8. e4
cxd4 9. e5 Nfd7 10. Qxd4 Bb7 11. Rd1 Bxf3 12. gxf3 Nc6 13. Qe4 Ncxe5 14. f4 Ng4
15. f5 Ngf6 16. Qe2 e5 17. Bf4 Qc7 18. Nd2 Bd6 19. Rac1 Qb8 20. Rc6 O-O 21. Bg3
Rc8 22. Rxc8+ Qxc8 23. Nf3 Qc7 24. Qd2 Bc5 25. Ng5 Rf8 26. a4 h6 27. Nf3 Re8
28. axb5 axb5 29. Qe2 Qb6 30. Nh4 e4 31. Ng6 e3 32. f3 Bd4 33. Kh1 Ne5 34. Nf4
Nc4 35. Nd3 Nd2 36. Bc2 Qc6 37. Kg2 Qxc2 38. Rc1 Qb3 39. Rc7 Bxb2 40. Bh4 Nd5
0-1

[Event "VI Obert Internacional Ciutat de Sabadel"]
[Site "Sabadell"]
[Date "2013.09.03"]
[Round "2"]
[White "Pozanco Romasanta, Marc"]
[Black "Cardenas, Fernando Adrian"]
[Result "1-0"]
[WhiteElo "2067"]
[BlackElo "1963"]
[PlyCount "69"]
[EventDate "2013.09.02"]
[EventRounds "9"]
[EventCountry "ESP"]

1. d4 d5 2. c4 e6 3. Nc3 c5 4. cxd5 exd5 5. Nf3 Nc6 6. g3 Nf6 7. Bg2 Be7 8. O-O
O-O 9. Be3 c4 10. Bg5 h6 11. Bxf6 Bxf6 12. e3 Bf5 13. Ne1 Ne7 14. g4 Be6 15. f4
Qa5 16. Qf3 b5 17. f5 b4 18. Ne2 Bd7 19. Nf4 Bc6 20. Nh5 Qc7 21. Nxf6+ gxf6 22.
Qf2 Kg7 23. Bf3 Rfe8 24. Ng2 Rad8 25. Nf4 Qd6 26. Nh5+ Kh7 27. Qh4 Ng8 28. Kf2
Ba4 29. Rg1 Bc2 30. g5 fxg5 31. Rxg5 hxg5 32. Nf6+ Kg7 33. Qxg5+ Kh8 34. Qh4+
Kg7 35. Rg1+ 1-0

[Event "VI Obert Internacional Ciutat de Sabadel"]
[Site "Sabadell"]
[Date "2013.09.04"]
[Round "3"]
[White "Lorenzo De La Riva, Lazaro"]
[Black "Movsziszian, Karen"]
[Result "0-1"]
[WhiteElo "2427"]
[BlackElo "2503"]
[PlyCount "74"]
[EventDate "2013.09.02"]
[EventRounds "9"]
[EventCountry "ESP"]

1. e4 g6 2. d4 Bg7 3. Nc3 c6 4. f4 Qb6 5. Nf3 d5 6. e5 Bg4 7. Be2 Nh6 8. Nh4
Be6 9. b3 Nd7 10. Be3 f6 11. Qd2 O-O 12. O-O-O Qa5 13. Kb1 b5 14. Bd3 fxe5 15.
fxe5 Ng4 16. Bg1 Nb6 17. h3 b4 18. Ne2 Nf2 19. Bxf2 Rxf2 20. Rhf1 Nc4 21. Bxc4
Rxf1 22. Rxf1 dxc4 23. Qg5 Qa3 24. Qxe7 Bd5 25. e6 cxb3 26. axb3 Bxb3 27. cxb3
Qxb3+ 28. Kc1 Qd3 29. Rf3 Qe4 30. Rf4 Bh6 31. Nf3 Bxf4+ 32. Nxf4 Qxf4+ 33. Kc2
Qe4+ 34. Kd2 Rf8 35. Qd7 Qd5 36. Ne5 Qxg2+ 37. Kd3 Qg3+ 0-1